[Event "UZB-ch Men 2021"]
[Site "Tashkent"]
[Date "2021.04.20"]
[Round "2.6"]
[White "Saydaliev, Saidakbar"]
[Black "Abdisalimov, Abdimalik"]
[Result "0-1"]
[WhiteElo "2385"]
[BlackElo "2392"]
[Annotator "TA"]
[PlyCount "76"]
[EventDate "2021.04.17"]
[EventType "tourn"]
[EventCountry "UZB"]
[SourceTitle "playchess.com"]
[Source "ChessBase"]
[SourceQuality "1"]

{[%evp 17,76,31,27,0,15,-9,0,-70,41,0,0,-55,-55,-55,-55,-54,-55,-59,-57,-68,-61,-73,-74,-95,-73,-78,-75,-102,-95,-110,-94,-92,-87,-93,-30,-79,-77,-66,-88,-122,-99,-189,-211,-210,-214,-218,-207,-410,-341,-2304,-2252,-1459,-435,-435,-435,-435,-435,-435,-435,-29984,-29983]} 1. d4 Nf6 2. c4 e6 3. g3 d5 4. Nf3 Bb4+ 5. Bd2 Be7 6. Bg2 O-O 7. O-O c6 8. Qc2 a5 9. Bf4 Nbd7 10. Nbd2 {E08: Closed Catalan: Main Line: 7 Qc2.} Nh5 11. Rfd1 a4 {[#]} 12. Ne5 $146 (12. Be3 $11) ({Predecessor:} 12. Be3 f5 13. Rac1 Bd6 14. Nf1 Qe7 15. Bg5 Qe8 16. e3 h6 17. Bf4 Be7 18. Ne5 {1-0 (49) Mikhalevski,V (2565)-Vidit,S (2726) chess.com INT 2020}) 12... a3 (12... Nxe5 $15 13. Bxe5 f6) 13. Nxd7 Bxd7 14. b3 (14. Be3 $1 $11) 14... Nxf4 $15 15. gxf4 Bd6 16. e3 f6 17. Nf1 Kh8 18. Ng3 f5 19. Qe2 Rf6 20. c5 Bc7 21. b4 Rh6 22. Rd3 Qh4 23. Nf1 g5 24. fxg5 Bxh2+ 25. Nxh2 Qxh2+ 26. Kf1 Rh4 27. f4 Be8 $1 28. Qf2 Bh5 $1 29. Qg1 (29. Rd2 $17) 29... Qg3 $19 {Hoping for ...Rxf4+!} 30. Qf2 Qg4 31. Rb1 h6 $1 32. gxh6 $2 (32. b5 {might work better.} hxg5 33. fxg5) 32... Rg8 {aiming for ...Rh2!} 33. b5 $2 (33. Rd2 Rh2 34. Rb3) 33... Rh2 {[%cal Rh2g2]} 34. Rd2 {[#]} Be8 (34... Qh3 $142 $3 {[%mdl 512]} 35. Qg1 {[#]} (35. Bxh3 Rh1+) 35... Rhxg2 $1 {[%mdl 576] Remove Defender} 36. Rxg2 Bf3 {[%mdl 64] Discovered Attack} 37. Qh2 Bxg2+ {[%mdl 64] Discovered Attack} 38. Ke2 Qxh2 39. Kd3 Be4+ {[%mdl 64] Skewer, Discovered Attack} 40. Kc3 Bxb1 41. Kb4 Qb2+ 42. Ka5 Qxb5#) 35. bxc6 Bxc6 36. Rb3 Qh5 37. Qg1 {[#]} Rgxg2 $1 {[%mdl 576] Remove Defender} 38. Rxg2 (38. Qxg2 $19 Rxg2 39. Kxg2) 38... Qf3+ {Weighted Error Value: White=0.70/Black=0.24} 0-1

[Event "UZB-ch Men 2021"]
[Site "Tashkent"]
[Date "2021.04.20"]
[Round "3.1"]
[White "Sindarov, Javokhir"]
[Black "Saydaliev, Saidakbar"]
[Result "0-1"]
[WhiteElo "2544"]
[BlackElo "2385"]
[Annotator "TA"]
[PlyCount "111"]
[EventDate "2021.04.17"]
[EventType "tourn"]
[EventCountry "UZB"]
[SourceTitle "playchess.com"]
[Source "ChessBase"]
[SourceQuality "1"]

{[%evp 21,111,12,22,10,22,19,35,13,1,7,29,30,35,27,50,50,48,60,62,42,78,78,105,84,103,101,122,114,107,87,87,103,329,322,314,313,280,262,180,180,161,120,120,120,122,112,150,153,150,153,141,129,150,151,264,268,323,303,321,0,0,0,315,306,438,212,416,208,235,185,293,282,300,341,449,253,236,148,148,148,794,100,769,759,1340,1162,2311,1394,29963,29955,29945,4956]} 1. e4 e5 2. Nf3 Nc6 3. Bb5 Nf6 4. O-O Nxe4 5. d4 Nd6 6. Bxc6 dxc6 7. dxe5 Nf5 8. Qxd8+ Kxd8 9. Rd1+ Ke8 10. Nc3 {[%cal Bb1c3,Bc3e2,Be2f4][%mdl 32]} Be7 11. h3 h6 12. Ne2 {C67: Ruy Lopez: Berlin Defence: 4 0-0 Nxe4.} Nh4 13. Nxh4 Bxh4 14. g4 {[#] White is slightly better.} (14. Nd4 {looks sharper.} a6 15. b3 Be7 16. c4 h5 17. Bb2) 14... h5 $146 ({Predecessor:} 14... Be7 15. Be3 Bd7 16. Rd2 b6 17. Rad1 Rd8 18. Ng3 g6 19. f4 Bc8 20. Rxd8+ Bxd8 {½-½ (46) Sutovsky,E (2695)-Roiz,M (2649) Israel 2011}) 15. f3 Be7 16. Nf4 hxg4 17. hxg4 g5 18. Nh5 Rg8 19. Be3 Be6 20. b3 Bd5 21. Kf2 b5 22. Rd4 a5 23. c4 bxc4 24. bxc4 Be6 25. Rb1 c5 26. Rd2 Bxc4 $2 (26... Rg6 $16 {keeps fighting.}) 27. Nf6+ $1 $18 Bxf6 28. exf6 Be6 29. Bxc5 Rh8 {[#] White should prevent ...Rh2+.} 30. Kg3 {Hoping for Be7.} Rd8 31. Rxd8+ Kxd8 {[%mdl 4096] Endgame KRB-KRB} 32. Rb8+ Bc8 33. Ra8 Rh1 34. Be7+ Kd7 35. Rxa5 Bb7 36. Rxg5 Rf1 37. Rf5 Ke6 (37... Bc6 $16 {is a better defense.} 38. Bc5 Ke6) 38. a4 Bd5 39. f4 Rg1+ 40. Kh2 {White threatens Re5+ and mate.} Rh1+ 41. Kg3 {Threatens to win with Re5+.} Rg1+ 42. Kh4 Bf3 (42... Bb3 {was called for.} 43. Re5+ Kd7) 43. Re5+ Kd7 44. Rg5 (44. g5 $142) 44... Bc6 45. Rg7 Ke6 (45... Rh1+ $142 46. Kg3 Bd5) 46. a5 Bd5 47. Rg5 {Re5+ is the strong threat.} Re1 48. Rg8 (48. a6 $142) 48... Ra1 49. Kg5 Rxa5 50. f5+ Kd7 $2 {[%mdl 8192]} (50... Ke5 $16) 51. Rd8+ Kc6 {[#]} 52. Kh6 $1 Ra4 53. g5 Rf4 54. g6 fxg6 55. fxg6 Be6 56. Kg7 {[%mdl 32768] Weighted Error Value: White=0.27/Black=0.47. Sensor Board Error (Ke4/e5)?} 0-1

[Event "UZB-ch Men 2021"]
[Site "Tashkent"]
[Date "2021.04.20"]
[Round "3.4"]
[White "Abdurakhmonov, Mukhammadali"]
[Black "Begmuratov, Khumoyun"]
[Result "1-0"]
[WhiteElo "2284"]
[BlackElo "1971"]
[Annotator "TA"]
[PlyCount "110"]
[EventDate "2021.04.17"]
[EventType "tourn"]
[EventCountry "UZB"]
[SourceTitle "playchess.com"]
[Source "ChessBase"]
[SourceQuality "1"]

{[%evp 9,110,0,0,0,0,0,0,0,-22,0,0,0,10,-22,-11,-12,0,9,23,14,21,36,54,24,15,0,20,9,12,22,16,15,18,18,18,25,26,14,16,13,35,14,22,0,0,0,18,18,18,18,19,17,18,0,0,-13,0,-29,0,0,0,0,0,0,0,-10,0,0,0,0,0,0,0,0,0,0,0,0,0,0,0,0,0,0,0,0,0,0,0,0,0,0,0,0,0,0,0,0,0,0,0,0,0]} 1. e4 c5 2. Nf3 g6 3. d4 cxd4 4. Qxd4 Nf6 5. c4 Nc6 6. Qe3 {B27: Sicilian: 2 Nf3, unusual Black 2nd moves.} d6 7. Nc3 Bg4 8. Be2 Bg7 9. O-O Nd7 10. Rd1 O-O 11. h3 Bxf3 12. Bxf3 {[#]} Qb6 $146 ({Predecessor:} 12... Rc8 13. Be2 a6 14. Rb1 Qa5 15. Bd2 Qc5 16. Na4 Qxe3 17. Bxe3 a5 18. a3 h5 {½-½ (83) Liou,Y (2417)-Liang,A (2404) Saint Louis 2015}) 13. Nd5 Qxe3 14. Bxe3 Rac8 15. Rac1 Rfe8 16. b3 Nc5 17. g4 e6 18. Nf4 Nb4 19. Rd2 ({Of course not} 19. Rxd6 Nxa2 20. Rf1 Nxb3 $17) 19... a5 20. Ne2 ({Reject} 20. Rxd6 Nxa2 21. Rf1 Nxb3 $17) 20... a4 21. Rb1 ({Not} 21. Rxd6 Nxa2 22. Rb1 Nxb3 $17) 21... axb3 22. axb3 Red8 23. Bg2 Kf8 24. f4 Ke7 25. Bf2 h6 26. h4 g5 27. e5 dxe5 28. Rxd8 Kxd8 29. fxg5 hxg5 30. h5 Ke7 31. Bxc5+ Rxc5 32. Ra1 Nc6 33. Ra8 Nd4 34. Nxd4 {The position is equal.} exd4 $11 {[%mdl 4096] Endgame KRB-KRB} 35. Ra7 d3 36. Rxb7+ Kd6 {Threatens to win with ...Bd4+.} 37. Rxf7 {[#]} d2 $1 38. Bf3 Bd4+ 39. Kg2 Re5 $1 {[%cal Re5e1] And now ...Re1 would win.} 40. b4 {aiming for h6.} Re1 41. c5+ Ke5 42. h6 {[#] h7 would kill now.} Rg1+ 43. Kh2 {Intending h7 and mate.} d1=Q 44. Bxd1 Rxd1 {KRB-KR} 45. h7 Ke4 46. Rf8 {c6 is the strong threat.} Rd2+ 47. Kh1 $1 {Hoping for c6.} Rc2 48. h8=Q Bxh8 49. Rxh8 {KR-KR} e5 50. Rf8 Rc4 51. Kg2 Rxb4 52. Rf5 Rb2+ 53. Kg3 Rb3+ 54. Kg2 Rc3 55. Rxg5 Rxc5 {[%mdl 32768] Weighted Error Value: White=0.04/Black=0.04. Loss on time!?} 1-0

[Event "UZB-ch Men 2021"]
[Site "Tashkent"]
[Date "2021.04.20"]
[Round "3.5"]
[White "Rakhmatullaev, Almas"]
[Black "Dzhumaev, Marat"]
[Result "0-1"]
[WhiteElo "2190"]
[BlackElo "2425"]
[Annotator "TA"]
[PlyCount "66"]
[EventDate "2021.04.17"]
[EventType "tourn"]
[EventCountry "UZB"]
[SourceTitle "playchess.com"]
[Source "ChessBase"]
[SourceQuality "1"]

{[%evp 14,53,0,0,0,0,27,24,31,29,20,20,41,45,47,21,22,28,27,27,19,21,16,-73,0,0,-4,-8,-2,-10,-4,-111,-119,-96,-106,-133,-131,-135,-145,-222,-214,-216]} 1. e4 c5 2. Nf3 g6 3. g3 Bg7 4. Bg2 Nc6 5. O-O Nf6 6. d3 d5 7. Nbd2 O-O 8. c3 dxe4 {A08: King's Indian Attack.} 9. Nxe4 b6 10. Nxf6+ Bxf6 {White has an edge.} 11. Bh6 Re8 12. d4 {Threatens to win with Ne5.} Ba6 13. Re1 cxd4 14. Qa4 {[%mdl 64] Double Attack} Bb7 15. Nxd4 Na5 16. Bxb7 Nxb7 17. Rad1 Qc8 18. Qc6 (18. Nc2 $11 {remains equal.}) 18... Nd6 ({Better is} 18... Bxd4 $17 19. Qxc8 Bxf2+ $1 20. Kxf2 Raxc8) 19. Qxc8 Raxc8 20. Bc1 b5 21. Nb3 Nc4 22. Rd7 (22. Rd5 $11) 22... Ne5 $17 23. Rxe5 Bxe5 24. Rxa7 Ra8 {Black is clearly better.} 25. Rb7 Rab8 26. Rd7 {[#]} (26. Rxb8 $17 {was worth a try.} Rxb8 27. f4) 26... b4 $1 $19 27. c4 {[#]  Weighted Error Value: White=0.25/Black=0.09} {Predecessor:} Ra8 $146 28. Nc5 Red8 29. Rxd8+ Rxd8 30. Kg2 Rc8 31. Nd3 Rxc4 32. b3 Re4 33. Be3 Bd6 {0-1 (44) Atabayev,S (2436)-Vakhidov,J (2519) Tashkent 2017} 0-1

[Event "UZB-ch Men 2021"]
[Site "Tashkent"]
[Date "2021.04.20"]
[Round "3.6"]
[White "Madaminov, Mukhiddin"]
[Black "Yakubboev, Nodirbek"]
[Result "1/2-1/2"]
[WhiteElo "2258"]
[BlackElo "2605"]
[Annotator "TA"]
[PlyCount "28"]
[EventDate "2021.04.17"]
[EventType "tourn"]
[EventCountry "UZB"]
[SourceTitle "playchess.com"]
[Source "ChessBase"]
[SourceQuality "1"]

{[%evp 17,28,12,16,2,16,0,15,-63,16,0,0,-41,-36]} 1. d4 Nf6 2. c4 e6 3. g3 d5 4. Nf3 Bb4+ 5. Bd2 Be7 6. Bg2 O-O 7. O-O c6 8. Qc2 a5 9. Bf4 Nbd7 10. Nbd2 {E08: Closed Catalan: Main Line: 7 Qc2.} Nh5 11. Rfd1 a4 {[#]} 12. Ne5 $146 (12. Be3 $11) ({Predecessor:} 12. Be3 f5 13. Rac1 Bd6 14. Nf1 Qe7 15. Bg5 Qe8 16. e3 h6 17. Bf4 Be7 18. Ne5 {1-0 (49) Mikhalevski,V (2565)-Vidit,S (2726) chess.com INT 2020}) 12... a3 (12... Nxe5 $15 13. Bxe5 f6) 13. Nxd7 Bxd7 14. b3 Nxf4 {Weighted Error Value: White=0.41/Black=0.34} 1/2-1/2

[Event "UZB-ch Men 2021"]
[Site "Tashkent"]
[Date "2021.04.20"]
[Round "4.1"]
[White "Dzhumaev, Marat"]
[Black "Madaminov, Mukhiddin"]
[Result "1-0"]
[WhiteElo "2425"]
[BlackElo "2258"]
[Annotator "RC"]
[PlyCount "98"]
[EventDate "2021.04.17"]
[EventType "tourn"]
[EventCountry "UZB"]
[SourceTitle "playchess.com"]
[Source "ChessBase"]
[SourceQuality "1"]
[TimeControl "5400+30"]

1. d4 {[%emt 0:12:25]} Nf6 {[%emt 0:00:05]} 2. c4 {[%emt 0:00:19]} e6 {[%emt 0:00:28]} 3. g3 {[%emt 0:01:26]} c5 {[%emt 0:02:52]} 4. Nf3 {[%emt 0:01:21]} cxd4 {[%emt 0:02:53]} 5. Nxd4 {[%emt 0:01:36]} Qc7 {[%emt 0:01:33]} 6. Nd2 {[%emt 0:06:15]} Nc6 {[%emt 0:13:35]} 7. Nb5 {[%emt 0:00:23]} Qb6 {[%emt 0:07:49]} 8. Bg2 {[%emt 0:00:17]} d5 {[%emt 0:04:09]} 9. O-O {[%emt 0:04:40]} Be7 {[%emt 0:03:26]} 10. Nf3 {[%emt 0:18:39]} O-O {[%emt 0:10:33]} 11. Be3 {[%emt 0:00:11]} Bc5 {[%emt 0:05:19]} 12. Bxc5 {[%emt 0:00:40]} Qxc5 {[%emt 0:01:25]} 13. Nc7 {[%emt 0:20:30]} Rb8 {[%emt 0:00:20]} 14. cxd5 {[%emt 0:00:11]} exd5 {[%emt 0:01:01]} 15. Qd2 {[%emt 0:00:22]} Be6 {[%emt 0:06:10]} 16. Rac1 {[%emt 0:01:48]} Qb6 {[%emt 0:00:48]} 17. Nxe6 {[%emt 0:00:19]} fxe6 {[%emt 0:00:05]} 18. Ng5 {[%emt 0:02:05]} Rfe8 {[%emt 0:13:52]} 19. e4 {[%emt 0:04:32]} h6 {[%emt 0:01:23]} 20. exd5 {[%emt 0:00:34]} Rbd8 {[%emt 0:00:53]} 21. Ne4 {[%emt 0:03:50]} Nxe4 {[%emt 0:08:20]} 22. Bxe4 {[%emt 0:00:14]} Nb4 {[%emt 0:03:07]} 23. Bb1 {[%emt 0:05:31]} Nxd5 {[%emt 0:01:32]} 24. Rfe1 {[%emt 0:01:02]} Nf6 {[%emt 0:01:42]} 25. Qc3 {[%emt 0:01:54]} Kf7 {[%emt 0:06:15]} 26. Re2 {[%emt 0:00:46]} e5 {[%emt 0:01:26]} 27. Qc4+ {[%emt 0:03:52]} Kf8 {[%emt 0:01:35]} 28. Bg6 {[%emt 0:00:47]} Re7 {[%emt 0:00:52]} 29. Rxe5 {[%emt 0:01:31]} Ng4 {[%emt 0:00:27]} 30. Qf4+ {[%emt 0:02:22]} Nf6 {[%emt 0:00:09]} 31. Rxe7 {[%emt 0:00:46]} Kxe7 {[%emt 0:00:05]} 32. Rc7+ {[%emt 0:00:24]} Rd7 {[%emt 0:00:51]} 33. Qe5+ {[%emt 0:00:20]} Qe6 {[%emt 0:00:58]} 34. Rxd7+ {[%emt 0:00:53]} Nxd7 {[%emt 0:00:11]} 35. Qxg7+ {[%emt 0:00:09]} Kd8 {[%emt 0:00:05]} 36. a3 {[%emt 0:01:22]} Qd5 {[%emt 0:01:10]} 37. Qh8+ {[%emt 0:00:48]} Kc7 {[%emt 0:00:34]} 38. Qc3+ {[%emt 0:00:16]} Kb8 {[%emt 0:00:20]} 39. Qd3 {[%emt 0:00:17]} Qc6 {[%emt 0:00:41]} 40. Be4 {[%emt 0:00:25]} Qc7 {[%emt 0:00:18]} 41. Qd2 {[%emt 0:01:09]} a6 {[%emt 0:00:39]} 42. Qxh6 {[%emt 0:00:21]} Qe5 {[%emt 0:00:32]} 43. Qf4 {[%emt 0:01:28]} Qxf4 {[%emt 0:00:07]} 44. gxf4 {[%emt 0:00:04]} b6 {[%emt 0:00:05]} 45. Kg2 {[%emt 0:00:25]} Kc7 {[%emt 0:00:02]} 46. Kg3 {[%emt 0:00:09]} Kd6 {[%emt 0:00:05]} 47. Kg4 {[%emt 0:00:07]} Nc5 {[%emt 0:00:16]} 48. Bc2 {[%emt 0:00:10]} Ne6 {[%emt 0:00:05]} 49. h4 {[%emt 0:00:17]} Kd5 {[%emt 0:01:06]} 1-0

[Event "UZB-ch Men 2021"]
[Site "Tashkent"]
[Date "2021.04.20"]
[Round "4.2"]
[White "Begmuratov, Khumoyun"]
[Black "Rakhmatullaev, Almas"]
[Result "1-0"]
[WhiteElo "1971"]
[BlackElo "2190"]
[Annotator "TA"]
[PlyCount "113"]
[EventDate "2021.04.17"]
[EventType "tourn"]
[EventCountry "UZB"]
[SourceTitle "playchess.com"]
[Source "ChessBase"]
[SourceQuality "1"]

{[%evp 17,113,0,2,0,0,0,0,-10,0,0,15,8,19,17,16,4,21,-2,13,-4,-12,-8,-4,0,21,11,43,47,66,69,79,69,110,93,103,106,102,96,107,85,137,130,144,133,189,97,158,152,147,139,201,201,229,212,198,116,168,91,104,77,87,87,86,66,81,31,144,135,167,160,183,163,169,150,294,293,527,518,465,364,916,544,520,513,735,771,675,477,543,498,5114,5114,5085,5085,1933,1222,1000,742]} 1. e4 e5 2. Nf3 Nc6 3. Nc3 Nf6 4. d4 exd4 5. Nxd4 Bb4 6. Nxc6 bxc6 7. Bd3 d5 8. exd5 cxd5 9. O-O O-O 10. Qf3 {C47: Scotch Four Knights and Four Knights with 4 g3.} c6 11. h3 Bd6 12. Bf4 {The position is equal.} Rb8 13. b3 Rb4 14. Ne2 Bxf4 15. Nxf4 Qd6 16. Ne2 c5 17. c3 Rb6 {[#]} 18. Ng3 $146 ({Predecessor:} 18. Rfe1 Bb7 19. Qf4 Qc6 20. Ng3 d4 21. Ne4 Nd5 22. Qh4 f5 23. Ng5 h6 24. Nf3 Nxc3 {0-1 (57) Dolzhikova,K (2301)-Zhukova,N (2471) Kiev 2013}) 18... g6 19. Rfe1 Kg7 20. Rad1 Be6 21. Ne2 h6 (21... Bc8 {keeps more tension.} 22. Nf4 Rd8 23. Bc4 Bb7 24. Qg3 d4) 22. Nf4 g5 23. Nxe6+ fxe6 24. Bc2 Rf7 (24... Ne4 $2 25. Qh5 $18) 25. Qd3 Kf8 26. Qg6 Ng8 27. Re3 Rf6 28. Qh5 (28. Rf3 $6 Rxf3 29. gxf3 Qf4 $11) (28. Qd3 {seems wilder.} Qc7 29. Rde1 Qf7 30. c4 Ne7 31. Qe2) 28... Qf4 (28... Rb7 $142) 29. Qe2 $16 Qc7 30. Re1 Ne7 (30... c4 $16 31. g3 Qc5) 31. Re5 (31. h4 $1 $18) 31... Rd6 (31... c4 $142) 32. h4 $1 {[%cal Rh4g5]} gxh4 33. Qg4 Kf7 (33... Qd8 $16 34. Bd3 (34. Rxe6 Rfxe6 35. Rxe6 Rxe6 $16) (34. Qxh4 Nc6 $16) 34... Kf7 35. Qxh4 Ng6) 34. Qxh4 $18 {Threatens to win with g4.} Nc6 {[#]} 35. Rg5 {[%mdl 512] Strongly threatening Re3.} e5 36. Re3 Qe7 (36... Kf8 $16 {was necessary.} 37. Rgg3 e4) 37. Qh5+ (37. Rgg3 $1 $18) 37... Kf8 $16 38. Rg4 Qf7 39. Qh4 e4 {White should prevent ...Ne5.} 40. Qg3 Ne7 41. Re2 Ng6 {[#] White now steadily converts the win.} (41... h5 $14 42. Rg5 h4) 42. c4 $1 {[%cal Rc4d5] cxd5 is the strong threat.} Nf4 {[#]} 43. Re3 h5 44. Rg5 {aiming for cxd5.} Rg6 45. cxd5 Rxg5 (45... Nh3+ $16 46. Qxh3 (46. gxh3 Rxg5 47. Qxg5 Rg6 $11) 46... Rxg5) 46. Qxg5 $18 Rxd5 $2 (46... Qf6 47. Qxf6+ Rxf6 48. Bxe4 h4) 47. Qh6+ Ke7 48. Qc6 Kf8 $2 (48... Re5 49. Rxe4 Ne2+ 50. Kh1 Rxe4 51. Qxc5+ {[%mdl 64] Double Attack} (51. Bxe4 Qxf2 52. Qc7+ Kf6 $11) 51... Kd8 52. Bxe4 Qf4 53. Qa5+ Ke7 54. Qxa7+ Kd8 55. Qa5+ Ke7 56. Qc5+ (56. Qxh5 $2 Qc1+ 57. Kh2 Qg1+ {[%mdl 64] Double Attack} 58. Kh3 Nf4+ {[%mdl 64] Double Attack} 59. Kg4 Nxh5 $19) 56... Kd8 57. Qd5+ (57. Qxh5 $2 Qc1+ 58. Kh2 Qg1+ {[%mdl 64] Double Attack} 59. Kh3 Nf4+ {[%mdl 64] Double Attack} 60. Kg4 Nxh5 $19) 57... Ke7 58. Qc5+ (58. Qxh5 $2 Qc1+ 59. Kh2 Qg1+ {[%mdl 64] Double Attack} 60. Kh3 Nf4+ {[%mdl 64] Double Attack} 61. Kg4 Nxh5 $19) 58... Kd8 59. Qb6+ (59. Qxh5 $2 Qc1+ 60. Kh2 Qg1+ {[%mdl 64] Double Attack} 61. Kh3 Nf4+ {[%mdl 64] Double Attack} 62. Kg4 Nxh5 $19) 59... Ke7 60. Qc5+) 49. Qc8+ {White is clearly winning.} Kg7 50. Rg3+ Kf6 {next ...Ne2+ is good for Black.} 51. Qh8+ Kf5 52. Re3 Re5 53. f3 Ng6 (53... Ke6 $142 54. Bxe4 Qf6 55. Qe8+ Kd6 56. Qb8+ {[%mdl 64] Double Attack} Ke7) 54. Bxe4+ Rxe4 55. Qxh5+ Kf6 56. fxe4 Qd7 57. Qf5+ {Weighted Error Value: White=0.25/Black=0.32} 1-0

[Event "UZB-ch Men 2021"]
[Site "Tashkent"]
[Date "2021.04.20"]
[Round "4.3"]
[White "Shermuhammadov, Samandar"]
[Black "Abdurakhmonov, Mukhammadali"]
[Result "1/2-1/2"]
[WhiteElo "2063"]
[BlackElo "2284"]
[Annotator "NA RC"]
[PlyCount "121"]
[EventDate "2021.04.17"]
[EventType "tourn"]
[EventCountry "UZB"]
[SourceTitle "playchess.com"]
[Source "ChessBase"]
[SourceQuality "1"]
[TimeControl "5400+30"]

1. e4 {[%emt 0:00:00]} c5 {[%emt 0:04:18]} 2. Nf3 {[%emt 0:00:00]} Nf6 {[%emt 0:00:07]} 3. Nc3 {[%emt 0:00:41]} d6 {[%emt 0:00:12]} 4. Bb5+ {[%emt 0:01:26]} Nbd7 {[%emt 0:07:50]} 5. d4 {[%emt 0:00:10]} cxd4 {[%emt 0:02:55]} 6. Nxd4 {[%emt 0:02:53]} a6 {[%emt 0:00:41]} 7. Be2 {[%emt 0:00:10]} e6 {[%emt 0:10:02]} 8. O-O {[%emt 0:00:15]} b5 {[%emt 0:03:09]} 9. f3 {[%emt 0:01:32]} Bb7 {[%emt 0:01:28]} 10. a3 {[%emt 0:03:59]} Be7 {[%emt 0:01:52]} 11. Qe1 {[%emt 0:01:38]} d5 {[%emt 0:01:16]} 12. exd5 {[%emt 0:04:18]} Nxd5 {[%emt 0:00:07]} 13. Nxd5 {[%emt 0:00:24]} Bxd5 {[%emt 0:00:05]} 14. Be3 {[%emt 0:01:46]} O-O {[%emt 0:00:42]} 15. Rd1 {[%emt 0:01:02]} Qc7 {[%emt 0:02:00]} 16. Qg3 {[%emt 0:02:47]} Bd6 {[%emt 0:14:23]} 17. Qh3 {[%emt 0:07:38]} Ne5 {[%emt 0:07:38]} 18. Kh1 {[%emt 0:07:35]} Nc4 {[%emt 0:04:47]} 19. Bc1 {[%emt 0:06:19]} Bf4 {[%emt 0:01:25]} 20. Bd3 {[%emt 0:05:12]} g6 {[%emt 0:00:32]} 21. Bxc4 {[%emt 0:01:18]} bxc4 {[%emt 0:00:16]} 22. Bxf4 {[%emt 0:00:12]} Qxf4 {[%emt 0:00:08]} 23. Ne2 {[%emt 0:06:28]} Qe3 {[%emt 0:03:45]} 24. Nc3 {[%emt 0:01:26]} Rab8 {[%emt 0:00:16]} 25. Rde1 {[%emt 0:06:54]} Qf4 {[%emt 0:02:07]} 26. Nd1 {[%emt 0:00:46]} Rfd8 {[%emt 0:01:23]} 27. Qg3 {[%emt 0:05:56]} Qxg3 {[%emt 0:03:54]} 28. hxg3 {[%emt 0:00:10]} Bc6 {[%emt 0:01:44]} 29. Rf2 {[%emt 0:00:46]} Kg7 {[%emt 0:00:33]} 30. c3 {[%emt 0:03:05]} Ba4 {[%emt 0:09:48]} 31. Ne3 {[%emt 0:00:06]} Rbc8 {[%emt 0:00:30]} 32. Nc2 {[%emt 0:02:26]} Rc5 {[%emt 0:00:06]} 33. Kg1 {[%emt 0:04:41]} h5 {[%emt 0:00:37]} 34. Re4 {[%emt 0:02:03]} Rd1+ {[%emt 0:04:05]} 35. Kh2 {[%emt 0:00:11]} Bxc2 {[%emt 0:03:25]} 36. Rxc2 {[%emt 0:00:03]} Kf6 {[%emt 0:00:16]} 37. Rf4+ {[%emt 0:03:54]} Ke7 {[%emt 0:00:08]} 38. Rd4 {[%emt 0:00:14]} Rb1 {[%emt 0:01:21]} 39. f4 {[%emt 0:01:55]} Rd5 {[%emt 0:01:42]} 40. Rxd5 {[%emt 0:02:53]} exd5 {[%emt 0:00:13]} 41. Re2+ {[%emt 0:00:03]} Kd6 {[%emt 0:00:18]} 42. g4 {[%emt 0:00:23]} hxg4 {[%emt 0:02:16]} 43. Kg3 {[%emt 0:00:07]} f5 {[%emt 0:00:34]} 44. Kh4 {[%emt 0:00:49]} d4 {[%emt 0:01:03]} 45. cxd4 {[%emt 0:00:41]} Kd5 {[%emt 0:00:04]} 46. Kg5 {[%emt 0:03:11]} Kxd4 {[%emt 0:00:15]} 47. Rd2+ {[%emt 0:04:12]} Ke3 {[%emt 0:00:36]} 48. Rc2 {[%emt 0:00:11]} Kd3 {[%emt 0:02:15]} 49. Rc3+ {[%emt 0:00:19]} Kd4 {[%emt 0:00:05]} 50. Rc2 {[%emt 0:00:07]} Rf1 {[%emt 0:00:57]} 51. g3 {[%emt 0:01:19]} Rg1 {[%emt 0:00:04]} 52. Kxg6 {[%emt 0:00:15]} Rxg3 {[%emt 0:00:06]} 53. Kxf5 {[%emt 0:00:08]} Rg1 {[%emt 0:00:12]} 54. Kg5 {[%emt 0:00:34]} g3 {[%emt 0:00:42]} 55. Kg4 {[%emt 0:01:36]} a5 {[%emt 0:00:49]} 56. Kf3 {[%emt 0:00:33]} Kd3 {[%emt 0:00:33]} 57. Rc3+ {[%emt 0:00:53]} Kd4 {[%emt 0:00:06]} 58. Rc2 {[%emt 0:00:06]} Kd3 {[%emt 0:00:50]} 59. Rc3+ {[%emt 0:00:50]} Kd4 {[%emt 0:00:05]} 60. Rc2 {[%emt 0:00:06]} Kd3 {[%emt 0:00:04]} 61. Rc3+ {[%emt 0:00:04]} 1/2-1/2